Central Library OPAC University of Rajshahi

The world of higher education (Record no. 60767)

MARC details
000 -LEADER
fixed length control field 00844nam a2200265 a 4500
001 - CONTROL NUMBER
control field 60767
003 - CONTROL NUMBER IDENTIFIER
rucl marc code BD-RjUL
005 - DATE AND TIME OF LATEST TRANSACTION
control field 20211209080900.0
008 - FIXED-LENGTH DATA ELEMENTS--GENERAL INFORMATION
fixed length control field 170102s19721971cau b 001 0 eng
020 ## - INTERNATIONAL STANDARD BOOK NUMBER
International Standard Book Number 0875890946
035 ## - SYSTEM CONTROL NUMBER
System control number (BD-RjUL)60891
040 ## - CATALOGING SOURCE
Original cataloging agency BD-RjUL
Transcribing agency BD-RjUL
Modifying agency BD-RjUL
Language of cataloging eng
041 ## - LANGUAGE CODE
Language code of text/sound track or separate title eng
082 00 - DEWEY DECIMAL CLASSIFICATION NUMBER
Edition number 23
Classification number 016.378
Author mark and year DRW 1972
100 1# - MAIN ENTRY--PERSONAL NAME
Personal name Dressel, Paul Leroy,
Dates associated with a name 1910-
9 (RLIN) 181056
245 14 - TITLE STATEMENT
Title The world of higher education
Statement of responsibility, etc. [by] Paul L. Dressel & Sally B. Pratt.
250 ## - EDITION STATEMENT
Edition statement [1st ed.]
260 ## - PUBLICATION, DISTRIBUTION, ETC. (IMPRINT)
Place of publication, distribution, etc. San Francisco :
Name of publisher, distributor, etc. Jossey-Bass,
Date of publication, distribution, etc. c1971 [reprinted 1972]
300 ## - PHYSICAL DESCRIPTION
Pagination xv, 238 p. ;
Size 24 cm.
490 0# - SERIES STATEMENT
Series statement The Jossey-Bass series in higher education
500 ## - GENERAL NOTE
General note Includes index
650 #0 - SUBJECT ADDED ENTRY--TOPICAL TERM
Topical term or geographic name as entry element Universities and colleges
General subdivision Bibliography.
9 (RLIN) 181057
700 1# - ADDED ENTRY--PERSONAL NAME
Personal name Pratt, Sally B.,
Relator term joint author.
942 ## - ADDED ENTRY ELEMENTS (KOHA)
Source of classification or shelving scheme Dewey Decimal Classification
Koha item type Books
Holdings
Lost status Source of classification or shelving scheme Damaged status Not for loan Collection code Permanent Location Current Location Shelving location Date acquired Source of acquisition Total Checkouts Full call number Date last seen Copy number Koha item type
  Dewey Decimal Classification   Not For Loan Non-fiction Central Library, University of Rajshahi Central Library, University of Rajshahi Reading Room 13/06/1989 Asia foundation   016.378 DRW 1972 02/01/2017 C-1 Books